000 00615nam a2200217Ia 4500
003 OSt
005 20220926015017.0
006 a|||||r|||| 00| 0
007 ta
008 220923b |||||||| |||| 00| 0 eng d
037 _cGeneral Book
040 _aRTL
_cRTL
_beng
041 _2eng
_aeng
082 _aY:(Q63).732.N5, K9
100 _aBrunner Edmund DeS
_9118113
245 0 _aChuch life in the rural south
260 _aNew York
_bNegro universities press
_c1969
300 _a117p
_ccm.
942 _hY:(Q63).732.N5, K9
_cGB
_2CC
999 _c630373
_d630373